[Event "Barranquilla Carnaval Cup"]
[Site "Barranquilla"]
[Date "2024.02.07"]
[Round "9"]
[White "Carvajal Barreto, Misael Camilo"]
[Black "Brizuela Abreu, Ronald Jesus"]
[Result "0-1"]
[WhiteElo "1780"]
[BlackElo "2311"]
[PlyCount "59"]
[EventDate "2024.02.03"]
[EventType "swiss"]
[EventRounds "9"]
[EventCountry "COL"]
[SourceTitle "CB07_2024"]
[SourceDate "2024.02.14"]
[SourceVersion "1"]
[SourceVersionDate "2024.02.14"]
[SourceQuality "1"]

1. d4 c5 2. e3 cxd4 3. exd4 d5 4. Nf3 Nc6 5. g3 Bf5 6. Bg2 e6 7. 0-0 h6 8. Be3 Nf6 9. Nbd2 Be7 10. c3 0-0 11. Ne5 Nd7 12. Ndf3 Bh7 13. Re1 a5 14. Nxd7 Qxd7 15. Ne5 Qc7 16. h4 Nxe5 17. dxe5 b5 18. a3 b4 19. cxb4 axb4 20. Rc1 Qb8 21. axb4 Qxb4 22. Bd4 Rfc8 23. Rxc8+ Rxc8 24. Bc3 Qb6 25. Qd2 Bc5 26. Rd1 Qb3 27. Rc1 Rb8 28. Bf3 d4 29. Bxd4 Bxd4 30. Qd1 0-1

[Event "Barranquilla Carnaval Cup"]
[Site "Barranquilla"]
[Date "2024.02.04"]
[Round "4"]
[White "Carvajal Barreto, Misael Camilo"]
[Black "Garcia Gonzalez, Jose"]
[Result "1-0"]
[WhiteElo "1780"]
[BlackElo "1679"]
[PlyCount "32"]
[EventDate "2024.02.03"]
[EventType "swiss"]
[EventRounds "9"]
[EventCountry "COL"]
[SourceTitle "CB07_2024"]
[SourceDate "2024.02.14"]
[SourceVersion "1"]
[SourceVersionDate "2024.02.14"]
[SourceQuality "1"]

1. d4 d5 2. Bf4 Nf6 3. Nf3 e6 4. c4 Bb4+ 5. Nc3 0-0 6. e3 c6 7. Qb3 Qa5 8. a3 Ne4 9. Rc1 Bxc3+ 10. bxc3 Nd7 11. Bd3 Ndf6 12. 0-0 h6 13. Rfd1 dxc4 14. Bxc4 Qh5 15. Qc2 Ng5 16. Nxg5 hxg5 1-0

[Event "Barranquilla Carnaval Cup"]
[Site "Barranquilla"]
[Date "2024.02.03"]
[Round "1"]
[White "Nunez Mercado, Franklin Alejandro"]
[Black "Carvajal Barreto, Misael Camilo"]
[Result "0-1"]
[WhiteElo "1553"]
[BlackElo "1780"]
[PlyCount "66"]
[EventDate "2024.02.03"]
[EventType "swiss"]
[EventRounds "9"]
[EventCountry "COL"]
[SourceTitle "CB07_2024"]
[SourceDate "2024.02.14"]
[SourceVersion "1"]
[SourceVersionDate "2024.02.14"]
[SourceQuality "1"]

1. d4 d5 2. Nf3 Nf6 3. g3 Bf5 4. Bg2 e6 5. Nc3 c5 6. 0-0 Nc6 7. Bg5 h6 8. Bc1 Be7 9. a3 0-0 10. dxc5 Bxc5 11. b4 Bb6 12. Na4 Rc8 13. Nxb6 axb6 14. Bb2 Re8 15. Rc1 e5 16. b5 e4 17. bxc6 exf3 18. Bxf3 bxc6 19. Qd4 Be4 20. Rfe1 Qd6 21. c4 c5 22. Qd2 d4 23. Rcd1 Qc6 24. Qf4 g5 25. Bxe4 Rxe4 26. Qf3 Rce8 27. e3 g4 28. Qg2 Qe6 29. Qf1 dxe3 30. fxe3 Rxe3 31. Bxf6 Rxe1 32. Rxe1 Qxe1 33. Qxe1 Rxe1+ 0-1

[Event "Bucaramanga op"]
[Site "Bucaramanga"]
[Date "2023.09.07"]
[Round "4"]
[White "Valle, Efrain"]
[Black "Carvajal Barreto, Misael Camilo"]
[Result "1-0"]
[WhiteElo "1974"]
[BlackElo "1673"]
[PlyCount "35"]
[EventDate "2023.09.06"]
[EventType "swiss"]
[EventRounds "9"]
[EventCountry "COL"]
[SourceTitle "EXT 2024"]
[Source "ChessBase"]
[SourceDate "2023.10.10"]
[SourceVersion "1"]
[SourceVersionDate "2023.10.10"]
[SourceQuality "1"]

1. Nf3 d5 2. g3 Bf5 3. Bg2 Nf6 4. d3 g6 5. h3 c5 6. c4 dxc4 7. Qa4+ Qd7 8. Qxc4 Nc6 9. Nc3 Bg7 10. Qxc5 0-0 11. Qc4 e5 12. Qh4 Rfe8 13. g4 Bxd3 14. Bg5 e4 15. Bxf6 exf3 16. Bxf3 Nd4 17. Bxd4 Bxd4 18. 0-0-0 1-0

[Event "COL-chT Blitz"]
[Site "Santander"]
[Date "2022.09.10"]
[Round "3.4"]
[White "Carvajal Barreto, Misael Camilo"]
[Black "Campos Gomez, Manuel"]
[Result "0-1"]
[WhiteElo "1742"]
[BlackElo "1976"]
[PlyCount "80"]
[EventDate "2022.09.10"]
[EventType "team-swiss (blitz)"]
[EventRounds "9"]
[EventCountry "COL"]
[SourceTitle "EXT 2023"]
[Source "ChessBase"]
[SourceDate "2022.10.05"]
[SourceVersion "1"]
[SourceVersionDate "2022.10.05"]
[SourceQuality "1"]
[WhiteTeam "Santander"]
[BlackTeam "Valle"]
[WhiteTeamCountry "COL"]
[BlackTeamCountry "COL"]

1. d4 Nf6 2. Bf4 g6 3. c4 Bg7 4. Nc3 d6 5. Nf3 0-0 6. g3 b6 7. Bg2 Bb7 8. 0-0 Nbd7 9. Re1 Re8 10. d5 e5 11. dxe6 fxe6 12. e4 e5 13. Bg5 h6 14. Bxf6 Nxf6 15. Nd5 c6 16. Nxf6+ Qxf6 17. Qb3 Rad8 18. Rad1 Kh7 19. Rd2 h5 20. Qa3 a6 21. Red1 Bf8 22. Qe3 Bh6 23. Qxb6 Rd7 24. Rd3 Bg7 25. c5 d5 26. exd5 cxd5 27. Qxf6 Bxf6 28. Ne1 e4 29. R3d2 Bg5 30. Re2 Red8 31. f4 Bf6 32. b4 Bc3 33. a3 Bc6 34. Rc2 Ba4 35. Rxc3 Bxd1 36. Rc1 Ba4 37. Bf1 d4 38. Bxa6 d3 39. Nxd3 exd3 40. c6 d2 0-1

[Event "COL-chT Blitz"]
[Site "Santander"]
[Date "2022.09.10"]
[Round "2.4"]
[White "Carvajal Barreto, Misael Camilo"]
[Black "Hernandez Banquett, Bryan Steven"]
[Result "1/2-1/2"]
[WhiteElo "1742"]
[BlackElo "2093"]
[PlyCount "111"]
[EventDate "2022.09.10"]
[EventType "team-swiss (blitz)"]
[EventRounds "9"]
[EventCountry "COL"]
[SourceTitle "EXT 2023"]
[Source "ChessBase"]
[SourceDate "2022.10.05"]
[SourceVersion "1"]
[SourceVersionDate "2022.10.05"]
[SourceQuality "1"]
[WhiteTeam "Santander"]
[BlackTeam "Cordoba"]
[WhiteTeamCountry "COL"]
[BlackTeamCountry "COL"]

1. d4 d5 2. Bf4 Nf6 3. c4 c6 4. e3 Qb6 5. Qc2 g6 6. Nc3 Bf5 7. Qb3 dxc4 8. Bxc4 e6 9. Nf3 Nbd7 10. 0-0 h5 11. Ne5 Nxe5 12. Bxe5 Bg7 13. a4 Qxb3 14. Bxb3 0-0 15. Bxf6 Bxf6 16. e4 Bxd4 17. exf5 gxf5 18. Rad1 e5 19. Bc2 f4 20. g3 fxg3 21. hxg3 Kg7 22. Kg2 f5 23. f4 Bxc3 24. bxc3 e4 25. Rh1 Rad8 26. Rxh5 Rxd1 27. Bxd1 Rd8 28. Be2 Kg6 29. Rg5+ Kf6 30. Kf2 Rd2 31. Rg8 Ra2 32. Rb8 Rb2 33. a5 Ra2 34. Rxb7 Rxa5 35. Rc7 Rc5 36. Rxa7 Rxc3 37. Ra6 Ke6 38. g4 fxg4 39. Bxg4+ Kd5 40. f5 Ke5 41. f6 Kxf6 42. Bd7 Ke5 43. Rxc6 Rd3 44. Bg4 Kf4 45. Be2 e3+ 46. Ke1 Ra3 47. Rc4+ Ke5 48. Rc5+ Kd4 49. Rc4+ Kd5 50. Rh4 Ra1+ 51. Bd1 Ra3 52. Rg4 Ke5 53. Rh4 Rc3 54. Ra4 Kd5 55. Rh4 Ke5 56. Ra4 1/2-1/2

[Event "COL-chT"]
[Site "Bucaramanga"]
[Date "2022.09.08"]
[Round "4.4"]
[White "Negrete Lobo, Rafael Alfonso"]
[Black "Carvajal Barreto, Misael Camilo"]
[Result "0-1"]
[WhiteElo "1600"]
[BlackElo "1669"]
[PlyCount "106"]
[EventDate "2022.09.06"]
[EventType "team-swiss"]
[EventRounds "7"]
[EventCountry "COL"]
[SourceTitle "CBM 210 Extra"]
[Source "ChessBase"]
[SourceDate "2022.11.30"]
[SourceVersion "1"]
[SourceVersionDate "2022.11.30"]
[SourceQuality "1"]
[WhiteTeam "Cordoba"]
[BlackTeam "Santander"]
[WhiteTeamCountry "COL"]
[BlackTeamCountry "COL"]

1. e4 e6 2. Nf3 d5 3. exd5 exd5 4. d4 Nf6 5. Bd3 Bd6 6. Bg5 Qe7+ 7. Qe2 Qxe2+ 8. Bxe2 Ne4 9. Bh4 Nc6 10. c3 0-0 11. 0-0 h6 12. h3 g5 13. Bg3 Bxg3 14. fxg3 Nxg3 15. Re1 Re8 16. Bd3 Rxe1+ 17. Nxe1 Bf5 18. Nd2 Re8 19. Bxf5 Nxf5 20. Nef3 b5 21. Kf2 Nd6 22. Re1 Rxe1 23. Nxe1 f5 24. g4 Kf7 25. gxf5 Kf6 26. Kf3 Nxf5 27. Nd3 Nd6 28. Nc5 h5 29. Na6 Ne8 30. Nc5 Kf5 31. Nf1 Ne7 32. Ne3+ Kg6 33. Nd7 c6 34. Ne5+ Kf6 35. Kg3 Nd6 36. Nd7+ Kf7 37. Ne5+ Ke6 38. Kf3 Nf7 39. Nd3 Nh6 40. Ne5 Nhf5 41. Ng2 c5 42. Ne3 cxd4 43. Nxf5 Nxf5 44. Nc6 dxc3 45. bxc3 a6 46. a3 Kd6 47. Nb4 a5 48. Nd3 Ne7 49. Ke3 Nc6 50. Nb2 Kc5 51. a4 Ne5 52. axb5 Nc4+ 53. Nxc4 dxc4 0-1

[Event "COL-ch U20"]
[Site "Barranquilla"]
[Date "2022.07.07"]
[Round "2"]
[White "Mesa Baez, Samuel"]
[Black "Carvajal Barreto, Misael Camilo"]
[Result "1/2-1/2"]
[WhiteElo "1907"]
[BlackElo "1685"]
[PlyCount "153"]
[EventDate "2022.07.06"]
[EventType "swiss"]
[EventRounds "9"]
[EventCountry "COL"]
[SourceTitle "EXT 2023"]
[Source "ChessBase"]
[SourceDate "2022.10.05"]
[SourceVersion "1"]
[SourceVersionDate "2022.10.05"]
[SourceQuality "1"]

1. e4 e6 2. d4 d5 3. Nc3 Nf6 4. e5 Nfd7 5. Nce2 c5 6. c3 Nc6 7. Nf3 Be7 8. Be3 b6 9. Qd2 Ba6 10. Ng3 Bxf1 11. Kxf1 Qc7 12. Ke2 Qb7 13. Rhc1 Qa6+ 14. Qd3 Qxd3+ 15. Kxd3 0-0 16. Nd2 f6 17. f4 c4+ 18. Ke2 b5 19. b3 Rfb8 20. bxc4 bxc4 21. exf6 Bxf6 22. Rcb1 Rxb1 23. Rxb1 Nb6 24. Nf3 g6 25. Bc1 Be7 26. Nf1 Bd6 27. Ne5 Nxe5 28. fxe5 Be7 29. Ne3 Rf8 30. Ng4 h5 31. Nf2 Kg7 32. Bd2 g5 33. Nh3 Kg6 34. g3 Rb8 35. Rb5 Kf5 36. Nf2 Bd8 37. Ra5 Rb7 38. h3 Nc8 39. g4+ Kg6 40. Ra6 Rb6 41. Rxb6 Nxb6 42. Nd1 Na4 43. Bc1 hxg4 44. hxg4 a6 45. Ba3 Kf7 46. Kd2 Ke8 47. Kc2 Be7 48. Bxe7 Kxe7 49. Ne3 Nb6 50. Nf1 a5 51. Ng3 Na8 52. Nh5 Kf7 53. Nf6 Nb6 54. Kd2 a4 55. Kc1 a3 56. Kc2 Nc8 57. Nd7 Ne7 58. Kd2 Nc8 59. Nb8 Na7 60. Na6 Ke7 61. Nb4 Kd7 62. Nc2 Nb5 63. Ne1 Ke7 64. Nf3 Nc7 65. Nxg5 Kf8 66. Nh3 Kg7 67. Nf4 Kh6 68. Ke3 Kg5 69. Kf3 Kh4 70. Ng6+ Kg5 71. Nf4 Kh4 72. Ng2+ Kg5 73. Ne3 Nb5 74. Nd1 Nc7 75. Nf2 Nb5 76. Nd1 Nc7 77. Nf2 1/2-1/2

[Event "COL-ch U20"]
[Site "Barranquilla"]
[Date "2022.07.06"]
[Round "1"]
[White "Carvajal Barreto, Misael Camilo"]
[Black "Mercado Florez, Diego Armando"]
[Result "1-0"]
[WhiteElo "1685"]
[BlackElo "1263"]
[PlyCount "47"]
[EventDate "2022.07.06"]
[EventType "swiss"]
[EventRounds "9"]
[EventCountry "COL"]
[SourceTitle "EXT 2023"]
[Source "ChessBase"]
[SourceDate "2022.10.05"]
[SourceVersion "1"]
[SourceVersionDate "2022.10.05"]
[SourceQuality "1"]

1. e3 d5 2. d4 Nf6 3. c4 c6 4. Nc3 Bf5 5. Nf3 e6 6. Qb3 Qc7 7. cxd5 exd5 8. Bd2 Bd6 9. g3 Nbd7 10. Rc1 Be4 11. Bg2 Bd3 12. Nxd5 Nxd5 13. Qxd3 0-0-0 14. Ng5 N7b6 15. e4 Nb4 16. Qb3 Qe7 17. Nxf7 Nd3+ 18. Qxd3 Qxf7 19. e5 Bxe5 20. Be3 Rhe8 21. 0-0 Qxa2 22. Qf5+ Qe6 23. Qxe6+ Rxe6 24. Bh3 1-0

[Event "COL-ch Superate Intercol U14"]
[Site "Barranquilla"]
[Date "2018.11.21"]
[Round "6.7"]
[White "Garzon Ladino, Juan Alexander"]
[Black "Carvajal Barreto, Misael Camilo"]
[Result "0-1"]
[WhiteElo "1487"]
[BlackElo "1543"]
[PlyCount "136"]
[EventDate "2018.11.19"]
[EventType "swiss"]
[EventRounds "7"]
[EventCountry "COL"]
[SourceTitle "EXT 2024"]
[Source "ChessBase"]
[SourceDate "2023.10.10"]
[SourceVersion "1"]
[SourceVersionDate "2023.10.10"]
[SourceQuality "1"]

1. e4 e6 2. d4 d5 3. e5 c5 4. c3 Nc6 5. Nf3 Bd7 6. Be3 cxd4 7. cxd4 Bb4+ 8. Nc3 h6 9. a3 Bxc3+ 10. bxc3 Rc8 11. Qc2 Na5 12. Rb1 Qc7 13. Bd2 b6 14. Bd3 Nc4 15. Bxc4 Qxc4 16. Rb4 Qa6 17. Qa2 Ne7 18. Rb2 Nc6 19. Be3 Na5 20. Rc2 Ba4 21. Re2 0-0 22. Qb2 Rc7 23. 0-0 Bb5 24. Rfe1 Bxe2 25. Rxe2 Nc4 26. Qb4 Nxe5 27. Ra2 Nxf3+ 28. gxf3 Qd3 29. Kg2 Rxc3 30. Rd2 Qg6+ 31. Kf1 Rc1+ 32. Ke2 Qg1 33. Kd3 Qf1+ 34. Re2 Rfc8 35. Bxc1 Rxc1 36. Ke3 Rc4 37. Qb2 Qc1+ 38. Qxc1 Rxc1 39. Ra2 a5 40. Rb2 Rc3+ 41. Ke2 Rxa3 42. Rxb6 Ra2+ 43. Ke3 a4 44. Rb8+ Kh7 45. Rb7 Kg6 46. Ra7 Ra1 47. Kf4 a3 48. Ra6 a2 49. Ra7 Kf6 50. h4 g5+ 51. hxg5+ hxg5+ 52. Ke3 Re1+ 53. Kd2 a1Q 54. Rxa1 Rxa1 55. Ke3 Ra3+ 56. Ke2 Kf5 57. f4 Kxf4 58. Kf1 g4 59. Kg2 g3 60. fxg3+ Rxg3+ 61. Kf2 Ra3 62. Ke2 f5 63. Kd2 Ke4 64. Kc2 Kxd4 65. Kb2 Rc3 66. Ka2 Kc4 67. Kb2 Kb4 68. Kb1 Kb3 0-1

[Event "Bucaramanga op"]
[Site "Bucaramanga"]
[Date "2016.01.10"]
[Round "5"]
[White "Gelvez Chaparro, Jorge Enrique"]
[Black "Carvajal Barreto, Misael Camilo"]
[Result "1-0"]
[WhiteElo "1688"]
[BlackElo "1541"]
[PlyCount "22"]
[EventDate "2016.01.09"]
[EventType "swiss"]
[EventRounds "6"]
[EventCountry "COL"]
[SourceTitle "EXT 2017"]
[Source "ChessBase"]
[SourceDate "2016.10.25"]
[SourceVersion "1"]
[SourceVersionDate "2016.10.25"]
[SourceQuality "1"]

1. c4 e5 2. g3 f5 3. d3 Nc6 4. Bg2 d6 5. e3 Bd7 6. Nc3 Nf6 7. Nf3 Be7 8. 0-0 0-0 9. a3 b6 10. b4 a6 11. Nd2 Be6 1-0